Sports Quiz

Random Sports or Tennis Quiz

Rogers Cup Tennis Tournament Winners (2000-2016) Quiz Stats

 Plays Quiz not verified by Sporcle

Challenge
Share
Tweet
Embed
Score 0/34 Timer 07:00
0 Plays Today
Year Player % Correct
ATP 2009Andy MURRAY
98.9%
ATP 2010Andy MURRAY
98.9%
ATP 2015Andy MURRAY
98.9%
ATP 2004Roger FEDERER
97.8%
ATP 2005Rafael NADAL
97.8%
ATP 2006Roger FEDERER
97.8%
ATP 2007Novak DJOKOVIC
97.8%
ATP 2008Rafael NADAL
97.8%
ATP 2011Novak DJOKOVIC
97.8%
ATP 2012Novak DJOKOVIC
97.8%
ATP 2013Rafael NADAL
97.8%
ATP 2016Novak DJOKOVIC
97.8%
WTA 2001Serena WILLIAMS
96.7%
WTA 2011Serena WILLIAMS
96.7%
WTA 2013Serena WILLIAMS
96.7%
ATP 2014Jo-Wilfried TSONGA
94.5%
ATP 2000Marat SAFIN
92.3%
Year Player % Correct
WTA 2005Kim CLIJSTERS
92.3%
WTA 2003Justine HENIN
91.2%
WTA 2007Justin HENIN
91.2%
WTA 2010Caroline WOZNIACKI
90.1%
WTA 2016Simona HALEP
90.1%
WTA 2014Agnieszka RADWANSKA
89%
ATP 2003Andy RODDICK
86.8%
WTA 2006Ana IVANOVIC
86.8%
WTA 2000Martina HINGIS
86.8%
WTA 2002Amelie MAURESMO
85.7%
WTA 2004Amelie MAURESMO
85.7%
WTA 2012Petra KVITOVA
82.4%
WTA 2015Belinda BENCIC
73.6%
WTA 2008Dinara SAFINA
71.4%
WTA 2009Elena DEMENTIEVA
65.9%
ATP 2002Guillermo CANAS
47.3%
ATP 2001Anderi PAVEL
42.9%

You're not logged in!

Compare scores with friends on all Sporcle quizzes.
OR
Log In

You Might Also Like...

Show Comments

Extras

Top Quizzes Today


Score Distribution

Your Account Isn't Verified!

In order to create a playlist on Sporcle, you need to verify the email address you used during registration. Go to your Sporcle Settings to finish the process.

Report this User

Report this user for behavior that violates our Community Guidelines.

Details: